000 01121nac a22002777a 4500
001 BR7406072
003 BR-BrBNA
005 20240105113814.0
008 230509b bl.|||m| |||| 00| 0 por d
040 _aBR-BrBNA
_bpor
_cBiblioteca Nacional de Agricultura
072 _aE70
090 _a9000 BR7406072
110 1 _aFundacao Instituto Brasileiro de Geografia e Estatistica, Rio de Janeiro, GB. Superintendencia de Estatisticas Primarias
_94926
245 1 _aInquerito nacional de precos. Generos alimenticios e artigos do vestuario. Comercio atacadista e varejista nas unidades da federacao - Fevereiro 1974 [Brasil]
260 3 _aRio de Janeiro, GB (Brasil):
_c1974.
300 _a49 p.
490 _aInquerito Nacional de Precos. Generos Alimenticios; e Artigos do Vestuario. Comercio Atacadista e Varejista nas Unidades da Federacao (Brazil)
_v
_x
650 _aALIMENTO
650 _aTECELAGEM
650 _aPRECO MEDIO
650 _aMERCADO VAREJISTA
650 _aMERCADO ATACADISTA
650 _aESTATISTICA COMERCIAL
909 _a202312
_bLúcia Elande
_c55
_dLúcia Elande
942 _2AGRIS
_n0
_cMS
999 _c265676
_d265676